Life in a Cuppa chai conversations/ (Record no. 189884)

MARC details
000 -LEADER
fixed length control field 00532nam a22001817a 4500
005 - DATE AND TIME OF LATEST TRANSACTION
control field 20220714114736.0
010 ## - LCCN (DPL NO)
LC control number ENG-133552
020 ## - INTERNATIONAL STANDARD BOOK NUMBER
International Standard Book Number 9789390961450
Terms of availability 1295.00
035 ## - SYSTEM CONTROL NUMBER
System control number EN-117084
037 ## - SOURCE OF ACQUISITION
Source of stock number/acquisition DBAD/PUB
082 ## - DEWEY DECIMAL CLASSIFICATION NUMBER
Classification number 702.81
100 ## - MAIN ENTRY--PERSONAL NAME
Personal name Kakoli G.
245 ## - TITLE STATEMENT
Title Life in a Cuppa chai conversations/
Statement of responsibility, etc by Kakoli G.
260 ## - PUBLICATION, DISTRIBUTION, ETC. (IMPRINT)
Name of publisher, distributor, etc Vitasta Publishing
Date of publication, distribution, etc 2022
Place of publication, distribution, etc New Delhi
270 ## - ADDRESS
Address 2/15,Ansari Road Daryaganj,
City New Delhi
Postal code 110002
300 ## - PHYSICAL DESCRIPTION
Extent 130p.:
Dimensions 20cm(HB)
Other physical details illus
942 ## - ADDED ENTRY ELEMENTS (KOHA)
Source of classification or shelving scheme Dewey Decimal Classification
Item type English Books
Classification part 702.81
Call number suffix KAK
Holdings
Withdrawn status Lost status Not for loan Collection code Home library Current library Date acquired Source of acquisition Cost, normal purchase price Full call number Barcode Copy number Cost, replacement price Koha item type
      Non-fiction Bawana Bawana 14/07/2022 DBAD/PUB 1295.00 702.81 KAK EN-117084 1 1295.00 English Books

© Delhi Public Library
Hit Counter
free hit counter